Statistics for Science Fiction Bacon Puzzle

Click here to take the quiz!

General Stats

  • This quiz has been taken 74 times
  • The average score is 6 of 16

Answer Stats

Actor% Correct
Chris Pratt
79%
Bruce Willis
75%
Sigourney Weaver
74%
Matthew McConaughey
66%
Brad Pitt
63%
Zoe Saldana
49%
Simon Pegg
37%
Bryce Dallas Howard
31%
Sam Worthington
31%
Liv Tyler
29%
Nick Frost
28%
John Boyega
26%
John Hurt
21%
Andy Serkis
19%
Gary Oldman
15%
William Fichtner
1%

Score Distribution

Percentile by Number Answered

Percent of People with Each Score

Your Score History

You have not taken this quiz